01435 2200541 4500001002100000005001500021035002000036245013400056100002200190250000600212300003500218700002300253260003600276082001100312084001700323020002200340650002100362990001700383990001700400990001700417990001700434990001700451990001700468990001700485990001700502990001700519990001700536990001700553990001700570990001700587990001700604990001700621990001700638990001700655990001700672990001700689990001700706990001700723990001700740990001700757990001700774990001700791990001700808990001700825990001700842990001700859990001700876INLIS00000000000002920180726091516 a0010-07180000291 aTerjemah Qawa'id Al Lughah Al 'Arabiyyah :bKajian Tentang Ilmu Bahasa Arab /cHifni Bika Nashif; Alih Bahasa, Drs. Zaenuri Siroj0 aHifni Bika Nashif a- aiv, 52 hlm. :bilus. ;c25 cm.0 aDrs. Zaenuri Siroj aJakarta :bCV Megah Jaya,c2009 a492.75 a492.75 HIF t a978-602-838-234-2 aTata Bahasa Arab a00116/P/2018 a00117/P/2018 a00118/P/2018 a00119/P/2018 a00120/P/2018 a00116/P/2018 a00117/P/2018 a00118/P/2018 a00119/P/2018 a00120/P/2018 a00117/P/2018 a00116/P/2018 a00118/P/2018 a00119/P/2018 a00120/P/2018 a00118/P/2018 a00116/P/2018 a00117/P/2018 a00119/P/2018 a00120/P/2018 a00119/P/2018 a00116/P/2018 a00117/P/2018 a00118/P/2018 a00120/P/2018 a00120/P/2018 a00116/P/2018 a00117/P/2018 a00118/P/2018 a00119/P/2018